Vvedenije v teoriju konečnych avtomatov = Eine Einführung in die Theorie endlicher Automaten /
Salvato in:
| Autore principale: | |
|---|---|
| Natura: | Libro |
| Lingua: | russo |
| Pubblicazione: |
Moskva :
Radio i svjaz,
1987
|
| Tags: |
Nessun Tag, puoi essere il primo ad aggiungerne!!
|
MARC
| LEADER | 00000nam a22000003a 4500 | ||
|---|---|---|---|
| 001 | stu4699 | ||
| 005 | 20150617225811.4 | ||
| 008 | 931103s1987----xxr-----------------rus-d | ||
| 040 | |a STU |b slo | ||
| 041 | 0 | |a rus | |
| 044 | |a xxr | ||
| 080 | |a 519.713 | ||
| 100 | 1 | |a Brauer, Wilfried |4 aut | |
| 245 | 1 | |a Vvedenije v teoriju konečnych avtomatov = Eine Einführung in die Theorie endlicher Automaten / |c [aut.] Brauer,W | |
| 260 | |a Moskva : |b Radio i svjaz, |c 1987 | ||
| 996 | |b E64936 |c E*64936 |l EE03 |s P |a 0 |w stu4699_0002 | ||